[Event "European Youth Chess Championship B12"]
[Site "Prague, Top Hotel Prague"]
[Date "2016.08.26"]
[Round "8.48"]
[White "Redzisz, Michal"]
[Black "Wolaniecki, Patryk"]
[Result "0-1"]
[WhiteElo "1834"]
[BlackElo "1669"]
[PlyCount "104"]
[EventDate "2016.08.18"]

1. e4 c5 2. Nf3 Nc6 3. Bb5 e6 4. O-O Nge7 5. Re1 a6 6. Bxc6 Nxc6 7. d4 cxd4 8.
Nxd4 Bc5 9. Nb3 Ba7 10. e5 O-O 11. Be3 f6 12. Bxa7 Rxa7 13. f4 Qb6+ 14. Kh1
fxe5 15. fxe5 Rf5 16. Qd6 Qb4 17. Qxb4 Nxb4 18. Na3 b5 19. c4 Nd3 20. Re3 Nxb2
21. cxb5 axb5 22. g4 Rf4 23. Nxb5 Rxg4 24. Rg3 Rxg3 25. hxg3 Bb7+ 26. Kg1 Ra8
27. Nc3 Nc4 28. Re1 Kf7 29. a4 Bc6 30. Ra1 Nxe5 31. a5 Ke7 32. Kf2 Rf8+ 33. Ke2
Rf3 34. Kd2 Rxg3 35. a6 Rg2+ 36. Ne2 Nc4+ 37. Kc3 Nb6 38. Ned4 Bd5 39. Kb4 h5
40. a7 h4 41. Ka5 Na8 42. Nc5 h3 43. Na4 h2 44. Rh1 Ra2 45. Rxh2 Rxh2 46. Nb6
Ra2+ 47. Kb5 Rb2+ 48. Nb3 Rxb3+ 49. Ka5 Rxb6 50. Ka4 Kd6 51. Ka3 Kc5 52. Ka4
Ra6# 0-1

[Event "European Youth Chess Championship B12"]
[Site "Prague, Top Hotel Prague"]
[Date "2016.08.26"]
[Round "8.49"]
[White "Hofman, Krystof"]
[Black "Pobor, Milo"]
[Result "1/2-1/2"]
[WhiteElo "1684"]
[BlackElo "1817"]
[PlyCount "43"]
[EventDate "2016.08.18"]

1. d4 d5 2. c4 e6 3. Nf3 Nf6 4. Bg5 Nbd7 5. Nc3 Be7 6. e3 h6 7. Bh4 O-O 8. Bd3
dxc4 9. Bxc4 a6 10. a4 c5 11. O-O b6 12. Qe2 Bb7 13. Rad1 Qc7 14. Bd3 Rfe8 15.
dxc5 Nxc5 16. Bg3 Qc6 17. Bc2 Rac8 18. Rc1 Bd6 19. Bxd6 Qxd6 20. Nd4 Red8 21.
Rfd1 Qe7 22. Bd3 1/2-1/2

[Event "European Youth Chess Championship B12"]
[Site "Prague, Top Hotel Prague"]
[Date "2016.08.26"]
[Round "8.50"]
[White "Hrbek, Tomas"]
[Black "Mica, Marek"]
[Result "1-0"]
[WhiteElo "1633"]
[BlackElo "1795"]
[PlyCount "163"]
[EventDate "2016.08.18"]

1. e4 c5 2. Nc3 e6 3. g3 Nc6 4. Bg2 Nge7 5. d3 d5 6. Bg5 f6 7. Bd2 g6 8. f4 Bg7
9. Nf3 O-O 10. O-O Rb8 11. g4 f5 12. g5 b5 13. e5 b4 14. Ne2 a5 15. h4 Qb6 16.
Kh2 a4 17. b3 Qb5 18. h5 c4 19. Nfd4 Nxd4 20. Nxd4 Qa6 21. h6 Bh8 22. Qe2 cxb3
23. cxb3 Bd7 24. Rfc1 Nc6 25. Qe3 Nxd4 26. Qxd4 Qa5 27. a3 axb3 28. Bxb4 Qa4
29. Rab1 Rb5 30. Bc5 Qxd4 31. Bxd4 Ra8 32. Rc7 Be8 33. Bc5 Rbb8 34. Bf1 Ba4 35.
d4 Rc8 36. Rxc8+ Rxc8 37. Bd3 Kf7 38. Rc1 Ke8 39. Rc3 Kd7 40. Bb4 Rxc3 41. Bxc3
Kc6 42. Ba6 Kc7 43. Kg3 Bd7 44. Kf3 Kb6 45. Bd3 Ba4 46. Ke3 Kc6 47. Bb2 Kb6 48.
Kd2 Ka5 49. Kc3 Bc6 50. Kxb3 Ba4+ 51. Kc3 Bd7 52. Bc2 Bc6 53. Bb3 Bb5 54. Kc2
Bd7 55. Bc3+ Kb5 56. Bb4 Bc6 57. Kc3 Kb6 58. Bc2 Bb5 59. a4 Ba6 60. a5+ Kc7 61.
Bb3 Kd7 62. Bc5 Ke8 63. Ba4+ Kf7 64. Kb4 Bg7 65. hxg7 Kxg7 66. Be7 h5 67. gxh6+
Kxh6 68. Bg5+ Kg7 69. Bd7 Kf7 70. Kc5 Bc4 71. Bb5 Bxb5 72. Kxb5 Ke8 73. Kc6 Kf7
74. a6 Kg7 75. a7 Kh7 76. a8=Q Kg7 77. Kd7 Kh7 78. Bf6 g5 79. Qh8+ Kg6 80. fxg5
f4 81. Kxe6 f3 82. Qh6# 1-0

[Event "European Youth Chess Championship B12"]
[Site "Prague, Top Hotel Prague"]
[Date "2016.08.26"]
[Round "8.51"]
[White "Barak, David"]
[Black "Luu, Robert"]
[Result "1/2-1/2"]
[WhiteElo "1627"]
[BlackElo "1779"]
[PlyCount "51"]
[EventDate "2016.08.18"]

1. d4 d5 2. c4 c6 3. Nf3 Nf6 4. Nc3 dxc4 5. a4 Bf5 6. Bg5 Nbd7 7. e3 Qa5 8.
Bxf6 Nxf6 9. Bxc4 e6 10. O-O Be7 11. Bd3 O-O 12. Bxf5 Qxf5 13. Qb3 Rab8 14.
Rfc1 Bd6 15. h3 Qh5 16. Qc2 g5 17. Ne4 Nxe4 18. Qxe4 Kh8 19. Ne5 Rbd8 20. a5 a6
21. Rc3 f5 22. Qc2 Bxe5 23. dxe5 Rd7 24. Rd3 Rfd8 25. Rxd7 Rxd7 26. Qb3 1/2-1/2

[Event "European Youth Chess Championship B12"]
[Site "Prague, Top Hotel Prague"]
[Date "2016.08.26"]
[Round "8.52"]
[White "Rosol, Alexander"]
[Black "Jun, Rudolf Jr"]
[Result "0-1"]
[WhiteElo "1779"]
[BlackElo "1621"]
[PlyCount "78"]
[EventDate "2016.08.18"]

{Waiting for moves from server...} 1. e4 c5 2. Nf3 e6 3. d4 cxd4 4. Nxd4 Nf6 5.
Nc3 d6 6. Bd3 a6 7. g4 Be7 8. g5 Nfd7 9. h4 Nc6 10. Nb3 b5 11. a3 Bb7 12. Bd2
Nc5 13. Nxc5 dxc5 14. Qg4 c4 15. Be2 Bc5 16. O-O-O Qe7 17. Kb1 Nd4 18. f4 a5
19. Be3 Nxe2 20. Qxe2 Bc6 21. Na4 Bxe3 22. Qxe3 bxa4 23. Qb6 Rc8 24. Qa6 Qb7
25. Qxc4 O-O 26. Qd4 Bxe4 27. Rh2 Bc6 28. h5 f6 29. h6 g6 30. gxf6 Qf7 31. Qd6
Qxf6 32. Re2 Rfd8 33. Rxe6 Rxd6 34. Rdxd6 Qxf4 35. Rd1 Be4 36. Re1 Bxc2+ 37.
Ka1 Bb3 38. Re8+ Rxe8 39. Rxe8+ Kf7 0-1

[Event "European Youth Chess Championship B12"]
[Site "Prague, Top Hotel Prague"]
[Date "2016.08.26"]
[Round "8.53"]
[White "Motiu, Victor"]
[Black "Jirousek, Jan"]
[Result "1/2-1/2"]
[WhiteElo "1774"]
[BlackElo "1581"]
[PlyCount "117"]
[EventDate "2016.08.18"]

{No moves yet, please connect to the cloud server} 1. c4 e6 2. g3 d5 3. Bg2 Nf6
4. cxd5 exd5 5. d4 c6 6. Nf3 Be7 7. O-O O-O 8. Nc3 Bf5 9. Bg5 Re8 10. Bxf6 Bxf6
11. Qb3 Qb6 12. Qxb6 axb6 13. Rfd1 Nd7 14. e3 Be7 15. Bf1 Bg4 16. Be2 Bb4 17.
a3 Bxc3 18. bxc3 Ra4 19. Rdb1 Rea8 20. Rb3 Bxf3 21. Bxf3 b5 22. e4 dxe4 23.
Bxe4 Nb6 24. Bf3 Nc4 25. Ra2 Rxa3 26. Rbxa3 Rxa3 27. Rxa3 Nxa3 28. d5 cxd5 29.
Bxd5 Nb1 30. c4 bxc4 31. Bxc4 Nc3 32. Kf1 Kf8 33. Ke1 Ke7 34. f3 Na4 35. Kd2 f6
36. Bd5 Nc5 37. Kc3 Kd6 38. Bc4 h6 39. Kb4 Ne6 40. f4 Nd4 41. h3 Kc6 42. Bd3 g5
43. Be4+ Kb6 44. fxg5 fxg5 45. h4 g4 46. Bg6 Ne2 47. Bh5 Nxg3 48. Bxg4 Ne4 49.
Kc4 Nf6 50. Bf3 Ng8 51. Kd4 Ne7 52. Ke5 Ng6+ 53. Kf6 Nxh4 54. Bxb7 Kxb7 55. Kg7
Nf5+ 56. Kg6 Kc6 57. Kxf5 h5 58. Kg5 Kd5 59. Kxh5 1/2-1/2

[Event "European Youth Chess Championship B12"]
[Site "Prague, Top Hotel Prague"]
[Date "2016.08.26"]
[Round "8.54"]
[White "Sarighioleanu, Sebastian-Laure"]
[Black "Vojta, Jakub"]
[Result "1/2-1/2"]
[WhiteElo "1572"]
[BlackElo "1771"]
[PlyCount "75"]
[EventDate "2016.08.18"]

1. e4 c5 2. Nf3 d6 3. d4 cxd4 4. Nxd4 Nf6 5. Nc3 a6 6. Be3 e6 7. f3 b5 8. Qd2
Bb7 9. O-O-O Nbd7 10. g4 Nb6 11. g5 Nfd7 12. Qf2 Rc8 13. Kb1 Be7 14. Rg1 b4 15.
Nce2 Qc7 16. Nc1 d5 17. Bd3 dxe4 18. fxe4 Nc4 19. h4 Nxe3 20. Qxe3 Bc5 21. Rgf1
Ne5 22. Ncb3 Bb6 23. Qe2 Nc4 24. Rf3 O-O 25. Rdf1 Bxd4 26. Nxd4 Nxb2 27. Nxe6
fxe6 28. Rxf8+ Rxf8 29. Rxf8+ Kxf8 30. Kxb2 Qe5+ 31. Kb1 Qd4 32. Qf3+ Ke7 33.
Qf4 Qd6 34. Qf2 Qc6 35. Qd4 Qc3 36. Qa7 Qc6 37. Qd4 Qc3 38. Qa7 1/2-1/2

[Event "European Youth Chess Championship B12"]
[Site "Prague, Top Hotel Prague"]
[Date "2016.08.26"]
[Round "8.55"]
[White "Malkoc, Tilen"]
[Black "Devyaterikov, Ivan"]
[Result "1/2-1/2"]
[WhiteElo "1770"]
[BlackElo "1536"]
[PlyCount "62"]
[EventDate "2016.08.18"]

{No moves yet, please connect to the cloud server} 1. Nf3 d5 2. c4 d4 3. d3 c5
4. g3 Nc6 5. Bg2 e5 6. O-O Nf6 7. Nbd2 Be7 8. Rb1 O-O 9. a3 Be6 10. Ng5 Bd7 11.
Nde4 a5 12. Nxf6+ Bxf6 13. Ne4 Be7 14. f4 f6 15. f5 a4 16. g4 Na5 17. Qe1 b5
18. cxb5 Bxb5 19. h4 c4 20. Qg3 cxd3 21. exd3 Bd7 22. Bh3 Nb3 23. g5 Nxc1 24.
Rbxc1 Rc8 25. Rxc8 Bxc8 26. Bg2 Qc7 27. gxf6 Bxf6 28. Ng5 Qd8 29. Be4 Re8 30.
Qg2 Bxg5 31. hxg5 Kh8 1/2-1/2

[Event "European Youth Chess Championship B12"]
[Site "Prague, Top Hotel Prague"]
[Date "2016.08.26"]
[Round "8.56"]
[White "Poltorak, Sebastian"]
[Black "Sunde, Nicholas"]
[Result "1-0"]
[WhiteElo "1763"]
[BlackElo "1375"]
[PlyCount "75"]
[EventDate "2016.08.18"]

1. d4 d5 2. c4 c6 3. Nc3 Nf6 4. Nf3 dxc4 5. e4 Bg4 6. e5 Nd5 7. Bxc4 e6 8. O-O
Be7 9. Bb3 O-O 10. a3 Nd7 11. h3 Bh5 12. g4 Bg6 13. Be3 N7b6 14. Qe2 Qd7 15.
Nh2 Rae8 16. f4 Kh8 17. Nf3 Rc8 18. Kh2 Rfd8 19. Rfd1 Qe8 20. Rac1 Qf8 21. Kg3
h6 22. Kh2 Rd7 23. Ba2 Rcd8 24. Nxd5 Nxd5 25. Bxd5 Rxd5 26. Rd2 Qe8 27. h4 h5
28. Ng5 Bxg5 29. hxg5 Qg8 30. Kg3 hxg4 31. Rh1+ Bh7 32. Qxg4 g6 33. Qh4 Kg7 34.
Qh6+ Kh8 35. Rdh2 R8d7 36. Qxh7+ Qxh7 37. Rxh7+ Kg8 38. Rh8+ 1-0

[Event "European Youth Chess Championship B12"]
[Site "Prague, Top Hotel Prague"]
[Date "2016.08.26"]
[Round "8.57"]
[White "Wartiovaara, Oliver"]
[Black "Jordanov, Mihail"]
[Result "1-0"]
[WhiteElo "1514"]
[BlackElo "1758"]
[PlyCount "109"]
[EventDate "2016.08.18"]

1. c4 c5 2. Nc3 Nc6 3. Nf3 Nf6 4. g3 g6 5. Bg2 Bg7 6. O-O O-O 7. d3 d6 8. Bd2
h6 9. a3 Bd7 10. Rb1 Qc8 11. b4 cxb4 12. axb4 Bh3 13. b5 Bxg2 14. Kxg2 Ne5 15.
Nxe5 dxe5 16. Qc1 Kh7 17. Qa3 Qd7 18. Na4 b6 19. Rfd1 Rac8 20. f3 Rfd8 21. c5
bxc5 22. Ba5 Re8 23. b6 Qc6 24. b7 Rb8 25. Nxc5 e6 26. Rdc1 Bf8 27. Qa4 Qxa4
28. Nxa4 Nd5 29. e4 Nb6 30. Nxb6 axb6 31. Rxb6 Be7 32. Rbb1 Bd6 33. Rc6 Re7 34.
Rxd6 Rexb7 35. Rxb7 Rxb7 36. Bc3 Rc7 37. Bxe5 Rc2+ 38. Kh3 g5 39. g4 Kg6 40. d4
Rc3 41. Kg3 h5 42. gxh5+ Kxh5 43. d5 Rd3 44. dxe6 Rxd6 45. Bxd6 fxe6 46. f4 g4
47. h3 gxh3 48. Kxh3 Kg6 49. Kg4 Kf6 50. f5 exf5+ 51. exf5 Kf7 52. Bg3 Kf6 53.
Kf4 Kf7 54. Kg5 Kf8 55. Kg6 1-0

[Event "European Youth Chess Championship B12"]
[Site "Prague, Top Hotel Prague"]
[Date "2016.08.26"]
[Round "8.58"]
[White "Stastny, Jakub"]
[Black "Lukyanenko, Artemiy"]
[Result "0-1"]
[WhiteElo "1376"]
[BlackElo "1752"]
[PlyCount "44"]
[EventDate "2016.08.18"]

1. d4 d6 2. c4 Nf6 3. Nc3 g6 4. Bg5 Bg7 5. Nf3 c6 6. e4 Qc7 7. Rc1 O-O 8. Be2
e5 9. d5 Nbd7 10. O-O a5 11. a4 Nc5 12. Nd2 h6 13. Be3 Nfd7 14. Nb3 Kh8 15. Qc2
Na6 16. Na2 Ndc5 17. Rfd1 f5 18. Nxc5 dxc5 19. d6 Qd7 20. Nc3 f4 21. Bd2 Nb4
22. Qb1 Rf6 0-1

[Event "European Youth Chess Championship B12"]
[Site "Prague, Top Hotel Prague"]
[Date "2016.08.26"]
[Round "8.59"]
[White "Aalto, Patrik"]
[Black "Husa, Daniel"]
[Result "1/2-1/2"]
[WhiteElo "1733"]
[BlackElo "1488"]
[PlyCount "82"]
[EventDate "2016.08.18"]

{No moves yet, please connect to the cloud server} 1. e4 e6 2. b3 d5 3. Bb2
dxe4 4. Nc3 Nf6 5. Qe2 Bb4 6. O-O-O Qe7 7. Nxe4 Ba3 8. Nxf6+ Qxf6 9. d4 Qe7 10.
Nf3 a5 11. Ne5 a4 12. Nc4 Bxb2+ 13. Kxb2 axb3 14. cxb3 b5 15. Ne5 Qa3+ 16. Kb1
f6 17. Nd3 Nc6 18. Nc1 Nb4 19. Qb2 Qa5 20. Bd3 Nd5 21. Ne2 O-O 22. Be4 Bb7 23.
h4 b4 24. Bxd5 Bxd5 25. f3 Ra7 26. Nc1 Ra6 27. Rd2 Rc8 28. Nd3 Qb5 29. Rc1 Rc6
30. Nc5 Re8 31. Nd3 Rd8 32. Nf4 Rdd6 33. Nxd5 Rxd5 34. Re1 Qb6 35. Red1 Rcd6
36. Kc1 Qc6+ 37. Kb1 Qd7 38. Kc1 Qc6+ 39. Rc2 Qd7 40. Rcd2 Qc6+ 41. Rc2 Qd7
1/2-1/2

[Event "European Youth Chess Championship B12"]
[Site "Prague, Top Hotel Prague"]
[Date "2016.08.26"]
[Round "8.60"]
[White "Tajovsky, Matej"]
[Black "Bonciu, David"]
[Result "0-1"]
[WhiteElo "1584"]
[BlackElo "1820"]
[PlyCount "78"]
[EventDate "2016.08.18"]

1. e4 c5 2. Nf3 Nc6 3. d4 cxd4 4. Nxd4 g6 5. Nc3 Bg7 6. Be3 Nf6 7. Nxc6 bxc6 8.
e5 Ng8 9. Bd4 f6 10. f4 Nh6 11. Qd2 Nf5 12. exf6 Bxf6 13. Bxf6 exf6 14. O-O-O
O-O 15. Bc4+ Kg7 16. Rhe1 d5 17. g4 Nd6 18. Bxd5 cxd5 19. Qxd5 Bxg4 20. Rd2 Nf7
21. Qg2 Qc8 22. Nd5 Be6 23. Ne7 Qa6 24. a3 Rae8 25. f5 Rxe7 26. fxe6 Rxe6 27.
Red1 Qc6 28. Qg3 Ne5 29. h4 Qb6 30. h5 Rb8 31. c3 Rd6 32. hxg6 hxg6 33. b4 Rxd2
34. Rxd2 Qc6 35. c4 Qxc4+ 36. Rc2 Qf1+ 37. Kb2 Rb7 38. Qc3 Qb5 39. Rh2 Qc4 0-1

[Event "European Youth Chess Championship B12"]
[Site "Prague, Top Hotel Prague"]
[Date "2016.08.26"]
[Round "8.61"]
[White "Sebesta, Jan"]
[Black "Torngren, Gustav"]
[Result "1/2-1/2"]
[WhiteElo "1557"]
[BlackElo "1764"]
[PlyCount "87"]
[EventDate "2016.08.18"]

{Waiting for moves from server...} 1. e4 c5 2. c3 d5 3. exd5 Qxd5 4. d4 g6 5.
Nf3 Bg7 6. Na3 cxd4 7. Bc4 Qe4+ 8. Be3 Nh6 9. cxd4 O-O 10. O-O Bg4 11. Ng5 Qxe3
12. fxe3 Bxd1 13. Raxd1 Nc6 14. Nc2 Rac8 15. b3 e6 16. Nxe6 fxe6 17. Bxe6+ Kh8
18. Bxc8 Rxc8 19. e4 Rd8 20. d5 Ne5 21. h3 Nhf7 22. Nd4 Bh6 23. Nf3 Kg7 24.
Nxe5 Nxe5 25. Rfe1 Kf7 26. Re2 Ke7 27. Rc2 Kd7 28. g4 Rf8 29. d6 Rc8 30. Rxc8
Kxc8 31. Kf2 Kd7 32. Kg3 Bf8 33. Kf4 Bxd6 34. Kg5 Ke6 35. Kh6 Nf7+ 36. Kxh7 g5
37. Kg6 Bf4 38. Kh5 Nd6 39. h4 Nxe4 40. hxg5 Nxg5 41. Rd4 Ke5 42. Rb4 Ne6 43.
Rxb7 Be3 44. Rb5+ 1/2-1/2

[Event "European Youth Chess Championship B12"]
[Site "Prague, Top Hotel Prague"]
[Date "2016.08.26"]
[Round "8.62"]
[White "Hersel, Rudolf"]
[Black "Kran, Ole-Christian Bakken"]
[Result "0-1"]
[WhiteElo "1685"]
[BlackElo "1571"]
[PlyCount "88"]
[EventDate "2016.08.18"]

{No moves yet, please connect to the cloud server} 1. d4 Nf6 2. Nf3 e6 3. c4 b6
4. Nc3 Bb4 5. Bd2 Bxc3 6. Bxc3 Bb7 7. e3 O-O 8. Be2 d5 9. cxd5 Nxd5 10. O-O Nd7
11. Qc2 c5 12. Rac1 Rc8 13. Qd2 Qe7 14. Rfd1 Rfd8 15. b3 N7f6 16. Qe1 Nxc3 17.
Rxc3 Nd5 18. Rc2 cxd4 19. Rxc8 Rxc8 20. Nxd4 Nc3 21. Ra1 Nxe2+ 22. Qxe2 Qa3 23.
Qd2 Rd8 24. Qc1 Qd6 25. Qc2 e5 26. Nf5 Qd7 27. Re1 Ba6 28. Rc1 Bd3 29. Qc8 Bxf5
30. Qxd7 Bxd7 31. Rd1 Kf8 32. f4 Ke7 33. fxe5 Bg4 34. Rd4 Rxd4 35. exd4 Ke6 36.
Kf2 Kd5 37. Ke3 a5 38. h4 h5 39. a3 Bd1 40. b4 axb4 41. axb4 b5 42. Kd3 Bg4 43.
g3 g6 44. Ke3 Bf5 0-1

[Event "European Youth Chess Championship B12"]
[Site "Prague, Top Hotel Prague"]
[Date "2016.08.26"]
[Round "8.63"]
[White "Mach, Petr"]
[Black "Aslanov, Samad"]
[Result "1/2-1/2"]
[WhiteElo "1654"]
[BlackElo "1529"]
[PlyCount "59"]
[EventDate "2016.08.18"]

1. e4 c5 2. Nf3 d6 3. Bb5+ Bd7 4. Bxd7+ Nxd7 5. O-O Ngf6 6. Re1 a6 7. c3 e6 8.
d4 cxd4 9. cxd4 Be7 10. Nc3 O-O 11. Bf4 Qc7 12. Rc1 Rfc8 13. Nd5 Qd8 14. Nxe7+
Qxe7 15. Qb3 b5 16. Bg5 Qe8 17. Bxf6 Nxf6 18. d5 Rxc1 19. Rxc1 Nxe4 20. dxe6
Qxe6 21. Qxe6 fxe6 22. Rc7 Nc5 23. Nd4 Kf8 24. b4 e5 25. Nf5 Ne6 26. Rc6 a5 27.
Rxd6 axb4 28. Kf1 Rxa2 29. Rxe6 b3 30. Nd6 1/2-1/2

[Event "European Youth Chess Championship B12"]
[Site "Prague, Top Hotel Prague"]
[Date "2016.08.26"]
[Round "8.64"]
[White "Sarginalp, Tuna"]
[Black "Hadjinicolaou, Andreas"]
[Result "1/2-1/2"]
[WhiteElo "1646"]
[BlackElo "1488"]
[PlyCount "112"]
[EventDate "2016.08.18"]

1. d4 Nf6 2. c4 Nc6 3. Nf3 e6 4. g3 d5 5. Bg2 dxc4 6. O-O Rb8 7. Nc3 b5 8. Bg5
Be7 9. e3 Nd5 10. Bxe7 Ncxe7 11. Ne4 O-O 12. Nc5 Bb7 13. Ne5 Bc6 14. Qe2 Qd6
15. Ne4 Qd8 16. Nc5 Qd6 17. Rad1 f6 18. Nxc6 Nxc6 19. Qf3 Nd8 20. Rfe1 Nb7 21.
Nxe6 Qxe6 22. Qxd5 Qxd5 23. Bxd5+ Kh8 24. e4 Rfd8 25. Bxb7 Rxb7 26. e5 Rb6 27.
exf6 Rxf6 28. Re7 Rdf8 29. Rxc7 Rxf2 30. d5 R2f6 31. d6 Rd8 32. Rxa7 Kg8 33.
Rb7 Rfxd6 34. Rxd6 Rxd6 35. Rxb5 Rd1+ 36. Kg2 Rd2+ 37. Kh3 c3 38. bxc3 Rxa2 39.
Rb7 Rc2 40. Rc7 h5 41. c4 g5 42. c5 Kf8 43. Rh7 h4 44. Rh5 hxg3 45. hxg3 Rxc5
46. Kg4 Rc4+ 47. Kxg5 Kg7 48. Rh2 Rc5+ 49. Kh4 Rc4+ 50. g4 Rc1 51. Ra2 Rc5 52.
Ra6 Rb5 53. g5 Rb1 54. Ra7+ Kg6 55. Ra6+ Kg7 56. Kh3 Rg1 1/2-1/2

[Event "European Youth Chess Championship B12"]
[Site "Prague, Top Hotel Prague"]
[Date "2016.08.26"]
[Round "8.65"]
[White "Dwyer, Daniel"]
[Black "Gogna, Aman"]
[Result "1/2-1/2"]
[WhiteElo "1629"]
[BlackElo "1412"]
[PlyCount "71"]
[EventDate "2016.08.18"]

1. e4 c5 2. Nf3 e6 3. d4 cxd4 4. Nxd4 a6 5. Nc3 Qc7 6. g3 Bb4 7. Nde2 Nf6 8.
Bg2 Be7 9. O-O O-O 10. h3 Nc6 11. Be3 d6 12. g4 b5 13. Ng3 Bb7 14. f4 Rfe8 15.
g5 Nd7 16. Qg4 g6 17. h4 Rac8 18. h5 Rb8 19. hxg6 hxg6 20. Qh4 Bf8 21. Kf2 Bg7
22. Rh1 Nd4 23. Nce2 Nxe2 24. Nxe2 Bxb2 25. c3 Kf8 26. f5 exf5 27. exf5 Ke7 28.
Bxb7 Bxa1 29. f6+ Kd8 30. Bd5 Nb6 31. Bxf7 Qxf7 32. Bxb6+ Rxb6 33. Qd4 Rc6 34.
Rxa1 Qc4 35. Qxc4 Rxc4 36. Kf3 1/2-1/2

[Event "European Youth Chess Championship B12"]
[Site "Prague, Top Hotel Prague"]
[Date "2016.08.26"]
[Round "8.66"]
[White "Fridensteins-Bridins, Atis"]
[Black "Hajpek, Erik"]
[Result "1-0"]
[WhiteElo "1347"]
[BlackElo "1701"]
[PlyCount "41"]
[EventDate "2016.08.18"]

1. e4 e5 2. Nf3 Nc6 3. Bb5 Bc5 4. c3 Nf6 5. d3 d6 6. h3 O-O 7. Nbd2 Ne7 8. Nf1
c6 9. Bc4 Ng6 10. Ng3 Be6 11. O-O Bb6 12. d4 exd4 13. cxd4 d5 14. e5 Ne4 15.
Re1 Nxg3 16. fxg3 f6 17. exf6 Qxf6 18. Bg5 Qf7 19. Kh2 Bf5 20. Rc1 Be4 21. Rxe4
1-0

[Event "European Youth Chess Championship B12"]
[Site "Prague, Top Hotel Prague"]
[Date "2016.08.26"]
[Round "8.67"]
[White "Mechlinski, Jakub"]
[Black "Slivka, David"]
[Result "1-0"]
[WhiteElo "1753"]
[BlackElo "1524"]
[PlyCount "55"]
[EventDate "2016.08.18"]

1. f4 d5 2. Nf3 c5 3. e3 Nc6 4. b3 Nf6 5. Be2 Bf5 6. Bb2 e6 7. O-O Be7 8. d3
O-O 9. h3 Bg6 10. Kh1 Qb6 11. Ne5 Nxe5 12. Bxe5 Nd7 13. Bc3 d4 14. Bb2 dxe3 15.
Qc1 Nf6 16. Qxe3 Nd5 17. Qf2 Rac8 18. Na3 Qb4 19. Nc4 Bf6 20. a3 Qb5 21. Bxf6
Nxf6 22. Nd6 Qc6 23. Nxc8 Rxc8 24. Bf3 Qc7 25. g3 b6 26. Rae1 Nd5 27. Bxd5 exd5
28. f5 1-0

[Event "European Youth Chess Championship B12"]
[Site "Prague, Top Hotel Prague"]
[Date "2016.08.26"]
[Round "8.68"]
[White "Glozar, Petr"]
[Black "Veres, Simon"]
[Result "1-0"]
[WhiteElo "1688"]
[BlackElo "1514"]
[PlyCount "109"]
[EventDate "2016.08.18"]

{No moves yet, please connect to the cloud server} 1. d4 d5 2. Nf3 Nf6 3. e3
Bf5 4. c4 c6 5. Nc3 a6 6. Qb3 b5 7. cxb5 cxb5 8. Bd2 e6 9. Nh4 Bg4 10. h3 Bh5
11. g4 Ne4 12. Nxe4 Qxh4 13. Nc5 Bxc5 14. dxc5 Bxg4 15. Qb4 f5 16. Bg2 Nc6 17.
Qf4 e5 18. Qh2 Bh5 19. Bxd5 O-O-O 20. Qg3 Qxg3 21. Be6+ Kc7 22. fxg3 Rhf8 23.
Rf1 Bg6 24. O-O-O Rf6 25. Bb3 a5 26. a3 Rd3 27. Bc2 Rd5 28. Bxa5+ Nxa5 29. Rxd5
e4 30. b3 Kc6 31. Rd8 Bf7 32. Kb2 Nb7 33. Rf8 Nxc5 34. Rc8+ Kb6 35. Rd1 Nb7 36.
Rf8 Kc6 37. Rc8+ Kb6 38. Rf1 Nd6 39. Rf8 Kc7 40. g4 g5 41. gxf5 Ne8 42. b4 Kd7
43. Bb3 Bh5 44. Rxf6 Nxf6 45. Be6+ Kc6 46. Rc1+ Kb6 47. Rc8 Be8 48. Kc3 h5 49.
Kd4 g4 50. hxg4 h4 51. g5 Nh7 52. Rxe8 Nxg5 53. Rh8 h3 54. Bd5 h2 55. Bxe4 1-0

[Event "European Youth Chess Championship B12"]
[Site "Prague, Top Hotel Prague"]
[Date "2016.08.26"]
[Round "8.69"]
[White "Kien, Clovis"]
[Black "Hosnedl, Matyas"]
[Result "1/2-1/2"]
[WhiteElo "1336"]
[BlackElo "1652"]
[PlyCount "86"]
[EventDate "2016.08.18"]

{Waiting for moves from server...} 1. e4 e5 2. Nf3 Nc6 3. Nc3 Bb4 4. a3 Bxc3 5.
bxc3 d5 6. exd5 Qxd5 7. c4 Qd6 8. g3 Bg4 9. h3 Bh5 10. g4 Bg6 11. Bg2 Nge7 12.
O-O O-O 13. Bb2 h5 14. Re1 hxg4 15. Nxe5 gxh3 16. Bxh3 Bf5 17. Nxc6 Qxc6 18.
Bg2 Qd6 19. d3 Nc6 20. Qf3 Bg6 21. Qd5 Rad8 22. Qxd6 Rxd6 23. Bxc6 Rxc6 24. Re7
Bf5 25. Re3 Re6 26. Rae1 Rfe8 27. Rxe6 Rxe6 28. Rxe6 Bxe6 29. f4 Kh7 30. Kf2
Kg6 31. c5 f6 32. Ke3 Kf5 33. Bd4 c6 34. c4 Bf7 35. Bc3 g5 36. fxg5 Kxg5 37.
Be1 Kg4 38. Ba5 f5 39. Bc7 Bg6 40. Bf4 Bh7 41. Be5 f4+ 42. Bxf4 Bxd3 43. Bb8
Bxc4 1/2-1/2

[Event "European Youth Chess Championship B12"]
[Site "Prague, Top Hotel Prague"]
[Date "2016.08.26"]
[Round "8.70"]
[White "Rousek, Jan"]
[Black "Cuttoli, Alexandre"]
[Result "0-1"]
[WhiteElo "1521"]
[BlackElo "1618"]
[PlyCount "150"]
[EventDate "2016.08.18"]

1. e4 c5 2. Nf3 Nc6 3. Bb5 e6 4. Bxc6 bxc6 5. d3 Ne7 6. h4 d5 7. Nbd2 Ba6 8.
O-O Nc8 9. Re1 d4 10. Nb3 Be7 11. h5 O-O 12. h6 g6 13. Bf4 f6 14. e5 f5 15. Qd2
Qb6 16. Bg5 Re8 17. Nh4 Qc7 18. g3 Rb8 19. Bxe7 Qxe7 20. Qa5 Bb7 21. Qxc5 Qxc5
22. Nxc5 Kf7 23. Nf3 Rd8 24. Ng5+ Kg8 25. Ngxe6 Rd5 26. Nb3 Ne7 27. Nbxd4 Bc8
28. b3 c5 29. c4 Rxd4 30. Nxd4 cxd4 31. Rac1 Be6 32. c5 Nd5 33. Rc4 Rb4 34.
Rec1 Kf7 35. Rxb4 Nxb4 36. c6 Nxd3 37. Rd1 Nxe5 38. c7 Bc8 39. Kg2 Ke6 40. Rxd4
Bb7+ 41. Kf1 Ba6+ 42. Kg2 Bb7+ 43. Kh3 Nd7 44. Rb4 Bc8 45. Rd4 Ke5 46. Rd3 f4
47. gxf4+ Kxf4 48. Re3 Ne5+ 49. Kg2 g5 50. a4 g4 51. b4 Bd7 52. Rc3 Bc8 53. b5
Nd7 54. Re3 Ne5 55. a5 Bb7+ 56. Kf1 a6 57. bxa6 Bxa6+ 58. Ke1 Nf3+ 59. Kd1 g3
60. Rxf3+ Kxf3 61. fxg3 Kxg3 62. Kd2 Kf4 63. Ke1 Ke5 64. Kf2 Kd6 65. Kf3 Kxc7
66. Ke4 Kc6 67. Ke5 Kb5 68. Kf6 Kxa5 69. Kg7 Bd3 70. Kf6 Kb6 71. Kg7 Kc6 72.
Kf6 Kd6 73. Kg7 Ke6 74. Kg8 Kf6 75. Kh8 Kg6 0-1

[Event "European Youth Chess Championship B12"]
[Site "Prague, Top Hotel Prague"]
[Date "2016.08.26"]
[Round "8.71"]
[White "Lamblin, Alexandre"]
[Black "Petrek, David"]
[Result "1/2-1/2"]
[WhiteElo "1594"]
[BlackElo "1463"]
[PlyCount "40"]
[EventDate "2016.08.18"]

1. d4 d5 2. c4 e6 3. Nc3 Nf6 4. Nf3 Be7 5. Bg5 Nbd7 6. e3 b6 7. Be2 Bb7 8. cxd5
Nxd5 9. Bxe7 Qxe7 10. O-O c5 11. dxc5 Nxc3 12. bxc3 Qxc5 13. Qd4 Qxd4 14. cxd4
O-O 15. Rfc1 Rac8 16. Kf1 Nf6 17. Ne5 Nd5 18. g3 Nc3 19. Bf3 Ne4 20. Ke1 Nd6
1/2-1/2

[Event "European Youth Chess Championship B12"]
[Site "Prague, Top Hotel Prague"]
[Date "2016.08.26"]
[Round "8.72"]
[White "De, Cocq Ramin"]
[Black "Papuc, David"]
[Result "1-0"]
[WhiteElo "1588"]
[BlackElo "1329"]
[PlyCount "89"]
[EventDate "2016.08.18"]

{No moves yet, please connect to the cloud server} 1. d4 d5 2. c4 e6 3. Nc3 c5
4. e3 cxd4 5. exd4 Nf6 6. Nf3 Bb4 7. Bd2 O-O 8. a3 Be7 9. Bd3 dxc4 10. Bxc4 b6
11. O-O Bb7 12. Re1 Qc7 13. Bd3 Nbd7 14. Rc1 Rfc8 15. Nb5 Qd8 16. Rxc8 Bxc8 17.
Bf4 Nd5 18. Be4 Nxf4 19. Bxa8 Ba6 20. Bc6 Nb8 21. d5 Nxc6 22. dxc6 Bxb5 23.
Qxd8+ Bxd8 24. Rd1 Nd5 25. Nd4 Ba6 26. Nc2 Bf6 27. g3 Bb5 28. Nb4 Nxb4 29. c7
g6 30. c8=Q+ Kg7 31. axb4 Bxb2 32. Qb7 e5 33. Qxa7 Bd4 34. Rxd4 exd4 35. Qxb6
Be8 36. Qxd4+ Kg8 37. Qd8 Kf8 38. b5 h5 39. b6 h4 40. b7 hxg3 41. b8=Q gxf2+
42. Kxf2 g5 43. Qxe8+ Kg7 44. Qh8+ Kg6 45. Qbe5 1-0